书目信息 |
| 题名: |
植物学上册
|
|
| 作者: | 华东师范大学 编 | |
| 分册: | ||
| 出版信息: | 北京 高等教育出版社 |
|
| 页数: | 234页 | |
| 开本: | 16开 | |
| 丛书名: | ||
| 单 册: | ||
| 中图分类: | Q94-43 | |
| 科图分类: | ||
| 主题词: | 植物学 | |
| 电子资源: | ||
| ISBN: | 7-04-001420-3 | |
| 000 | 00550nam0 2200193 45 | |
| 001 | 0006191703 | |
| 005 | 20000619175705.7 | |
| 010 | @a7-04-001420-3@d2.25元 | |
| 100 | @a20000619d km y0chiy0120 ea | |
| 101 | 0 | @achi |
| 105 | @a z 000yy | |
| 200 | 1 | @a植物学上册@AZhi Wu Xue Shang Ce@f华东师范大学等编@FHua Dong Shi Fan Da Xue Deng Bian |
| 210 | @a北京@c高等教育出版社 | |
| 215 | @a234页@d16开 | |
| 606 | 0 | @a植物学 |
| 690 | @aQ94-43@v3 | |
| 701 | 0 | @a华东师范大学@4编 |
| 801 | @aCN@bPftUser@c20000619 | |
| 905 | @b208401-406@dQ94-43@eH:780@f6 | |
| 植物学上册/华东师范大学等编.-北京:高等教育出版社 |
| 234页;16开 |
| ISBN 7-04-001420-3:2.25元 |
| ● |
| 相关链接 |
|
|
|
正题名:植物学上册
索取号:Q94-43/H:780
 
预约/预借
| 序号 | 登录号 | 条形码 | 馆藏地/架位号 | 状态 | 备注 |
| 1 | 208401 | 202084010 | 生命科学与工程学院资料室/ [索取号:Q94-43/H:780] | 在馆 | |
| 2 | 208402 | 202084029 | 生命科学与工程学院资料室/ [索取号:Q94-43/H:780] | 在馆 | |
| 3 | 208403 | 202084038 | 生命科学与工程学院资料室/ [索取号:Q94-43/H:780] | 在馆 | |
| 4 | 208404 | 202084047 | 生命科学与工程学院资料室/ [索取号:Q94-43/H:780] | 在馆 | |
| 5 | 208405 | 202084056 | 生命科学与工程学院资料室/ [索取号:Q94-43/H:780] | 在馆 | |
| 6 | 208406 | 202084065 | 生命科学与工程学院资料室/ [索取号:Q94-43/H:780] | 在馆 |